Modern English in action : [Level 7-12] /

Bibliographic Details
Main Author: Christ, Henry I. (Henry Irving), 1915-
Other Authors: Tressler, Jacob Cloyd, 1882-
Format: Book
Language:English
Published: Lexington, Mass. : Heath, [1978]
Subjects:

MARC

Tag First Indicator Second Indicator Subfields
LEADER 00000cam a2200000 i 4500
001 in00000064572
005 20151007083326.0
008 780920s1978 maua 00010 eng d
035 |a (OCoLC)04240383 
035 |9 AAF9195AM 
040 |a IXA  |c IXA  |d TXA  |d UtOrBLW 
049 |a TXAM  
090 |a PE1112  |b .C5 1978 
100 1 |a Christ, Henry I.  |q (Henry Irving),  |d 1915- 
245 1 0 |a Modern English in action :  |b [Level 7-12] /  |c Henry I. Christ. 
264 1 |a Lexington, Mass. :  |b Heath,  |c [1978] 
264 4 |c ©1978 
300 |a 6 volumes :  |b illustrations ;  |c 24 cm. 
336 |a text  |b txt  |2 rdacontent 
337 |a unmediated  |b n  |2 rdamedia 
338 |a volume  |b nc  |2 rdacarrier 
500 |a Earlier editions by J. C. Tressler [and others] under the title: English in action. 
500 |a Gr. 7-12. 
500 |a Includes index. 
650 0 |a English language  |x Grammar. 
650 0 |a English language  |x Composition and exercises. 
700 1 |a Tressler, Jacob Cloyd,  |d 1882-  |t English in action. 
740 0 |a English in action. 
999 |a MARS 
999 f f |s bb153c97-edcb-3f41-a4ff-757eec386dc4  |i 1ed58e13-5703-31d4-9e23-6ce1bdfc95c5  |t 0 
952 f f |p ric  |a Texas A&M University  |b Rellis Campus  |c Joint Library Facility  |s JLF  |d Remote Storage  |t 0  |e PE1112 .C5 1978  |h Library of Congress classification  |i unmediated -- volume  |k level 12  |m A14800229821 
952 f f |p ric  |a Texas A&M University  |b Rellis Campus  |c Joint Library Facility  |s JLF  |d Remote Storage  |t 0  |e PE1112 .C5 1978  |h Library of Congress classification  |i unmediated -- volume  |k level 9  |m A14800229790 
952 f f |p ric  |a Texas A&M University  |b Rellis Campus  |c Joint Library Facility  |s JLF  |d Remote Storage  |t 0  |e PE1112 .C5 1978  |h Library of Congress classification  |i unmediated -- volume  |k level 10  |m A14800229805 
998 f f |a PE1112 .C5 1978  |s level 9-10,level 12  |t 0  |l Remote Storage